000 00781nam a2200253 i 4500
001 bg
100 1 _aMALARSKI, Stanisław
245 1 0 _aInstrumenty prawne marketingu /
_cStanisław Malarski.
260 _aKraków :
_bWydaw. Profesjonalnej Szkoły Biznesu,
_c1997.
300 _a278 s. :
_brys. ;
_c20 cm.
490 1 _aBiblioteka Menedżera
504 _aBibliogr. s. 276-278, podstawowe przepisy prawne s. 275-277.
650 9 _aMarketing
_xprawo
_zPolska
_ystan na 1996 r.
655 _aPodręczniki akademickie
830 _aBiblioteka Menedżera
015 _aPB 561/98
020 _a8385441298
040 _cBPK
041 0 _apol
080 _a339.138:346.54(438)(075.8)
920 _a83-85441-29-8
942 _cKS
008 s pl f |000 0 pol
999 _c51096
_d51096
856 _uhttp://koha.tu.koszalin.pl/cgi-bin/koha/opac-detail.pl?biblionumber=51096
_yKatalog online BPK